00629nam a22001937a 4500003000400000005001700004008004100021020001800062040002900080050001400109100001700123245006000140260004100200300005700241650006200298650002800360650003100388700001600419OSt20260629112923.0260629b |||||||| |||| 00| 0 eng d a9780872879874 cChuka University Library aLB 1575.5 aNeamen, Mimi aLiterature CirclesbCooperative Learning for Grades 3-8 aEnglewoodbTeacher Ideas Pressc1992 aVarious PagingbIndex and Bibliographical References aLiterature- Study and Teaching (Elementary)-United States aGroup Work in Education aChildren-Books and Reading aMary Strong